Lecturas de la sociedad civil. Un mapa contemporáneo de sus teorías
Uloženo v:
| Hlavní autoři: | , |
|---|---|
| Médium: | Kniha |
| Jazyk: | španělština |
| Vydáno: |
Madrid
Trotta
2007
|
| Edice: | Estructuras y Procesos. Serie Ciencias Sociales
|
| Témata: | |
| Tagy: |
Přidat tag
Žádné tagy, Buďte první, kdo vytvoří štítek k tomuto záznamu!
|
MARC
| LEADER | 00000nam a2200000 a 4500 | ||
|---|---|---|---|
| 001 | UCI4172 | ||
| 003 | CL-VaPUC | ||
| 005 | 20250307125258.0 | ||
| 008 | 071228e20070000SP |||||||||||||||||spa|d | ||
| 999 | |c 328154 |d 328152 | ||
| 020 | |a 9788481648904 | ||
| 040 | |c Pontificia Universidad Católica de Valparaíso | ||
| 082 | 0 | 4 | |a 320.5 |b SAU |2 21 |
| 100 | 0 | |a Sauca Cano, José María |e author |9 525908 | |
| 245 | 1 | 0 | |a Lecturas de la sociedad civil. Un mapa contemporáneo de sus teorías |
| 260 | |a Madrid |b Trotta |c 2007 | ||
| 300 | |a 295 p | ||
| 490 | 0 | |a Estructuras y Procesos. Serie Ciencias Sociales | |
| 583 | |a last modification |c 20071228 00:00:00 |k Rodrigo Vera | ||
| 650 | 0 | |a Ideologías políticas |9 255735 |x Sociedad Civil | |
| 650 | 0 | |a Política |9 255312 | |
| 700 | 0 | |a Wences Simon, María Isabel |e author |9 525909 | |
| 942 | |c BK |2 ddc | ||
| 945 | |d 20071228 00:00:00 |a rbrito | ||
| 952 | |0 0 |1 0 |4 0 |6 320_500000000000000_SAU_2007 |7 0 |8 A |9 411942 |a BIBEDU |b BIBEDU |d 2019-11-22 |i 4398157 |l 1 |o 320.5 SAU 2007 |p 4398157 |r 2025-03-07 |s 2025-03-07 |w 2019-11-22 |y BK |k PSI | ||
| 952 | |0 0 |1 0 |4 0 |6 320_500000000000000_SAU_2007 |7 0 |8 A |9 411943 |a BIBEDU |b BIBEDU |d 2019-11-22 |i 442980K |o 320.5 SAU 2007 |p 442980K |r 2019-11-22 |w 2019-11-22 |y BK |k FIL | ||